000 00223nam a22000977a 4500
005 20250901165449.0
008 210406b ||||| |||| 00| 0 eng d
050 _aHB171.5 .A76 1992
245 _aA76
_cARNOLD,ROGER
942 _2lcc
999 _c4372
_d4372